The geology and mineral resources of the Frasers Hill area, Selangor, Perak and Pahang, Federation of Malaya, with an account of the mineral resources

Bibliographic Details
Main Author: ROE
Format: Book
Published: [Kuala Lumpur : Geological Survey Department , 1951)
Series:Malaya. Geological Survey Department Memoir ; no. 5
Subjects:

MARC

LEADER 00000cam a2200000 7i4500
001 0000002764
005 20040107.0
090 0 0 |a R555.951115   |b ROE 1951 
100 1 0 |a ROE   |h Frank Walton 
245 1 4 |a The geology and mineral resources of the Frasers Hill area, Selangor, Perak and Pahang, Federation of Malaya, with an account of the mineral resources 
260 0 0 |a [Kuala Lumpur :   |b Geological Survey Department ,   |c 1951) 
300 |a ix, 138 p. :   |b ill., maps (part fold., 1 in pocket) ;   |c 27 cm. 
440 0 0 |a Malaya. Geological Survey Department Memoir ; no. 5 
500 0 0 |a Bibliography : p. 130-131 
650 0 0 |a Geology   |z Malaya   |z Frasers Hill area 
650 0 0 |a Mines and natural resources   |z Malaya   |z Frasers Hill area 
998 |a JPSM 
999 |a 0000004401   |b Monograph   |c Reference   |e Default branch